LDR 00997naa#a2200193#i#450# 001 RU\\bibl\120589 005 20260502113828.6 011 ## _a2587-6740 100 ## _a20260415b2026####ek#y0rusy0150####ca 102 ## _aRU 200 1# _aСовременный аспект кластерного подхода в повышении эффективности управления АПК _eЖурнальная статья 210 1# _aМосква _cЭлектронная наука _d2026 215 ## _a5 с. 608 ## _aЖурнальная статья _2local 675 ## _aЭкономическое положение. Экономическая политика. Управление и планирование в экономике. Производство. Услуги. Цены. 338 _z 700 #1 _aИзмайлова _gСветлана Анатольевна 700 #1 _aКожина _gВероника Олеговна 700 #1 _aТолмачева _gИрина Вильевна 856 4# _aecience.ru _u